000 00538nam a2200181Ia 4500
003 GCL
008 140319s9999 xx 000 0 ara d
040 _aGCL /
_cGCL
082 0 4 _a912.3
_bر ع
100 1 _aرفيق البستانى
245 1 0 _aالعالم العربى اطلس معلومات المجتمع والجغرافيا السياسية /
_cرفيق البستانى
700 1 _aفيليب فارج
300 _a144 ص
490 _a
650 0 4 _aالجغرافيا
650 0 4 _aالاطالس
942 _2ddc
_cBK
999 _c45084
_d45084